00823nam a2200181 a 4500003000200000005001700002008004100019050003300060100003700093245014300130260009300273300003700366504003900403650005100442650004700493650005200540650004900592020250421085937.0970114s19uu xx 00 eng d aPGS PN 1997.H373b.Y25 2003 aYap Duque, Antoinette Valerie Y. aThe effects of Harry Potter on the grade 6 students of Southville International School, S.Y. 2002-2003 /cAntoinette Valerie Y. Yap Duque. aLas Piñas City, Philippines : bSouthville International School and Colleges, c2003. apages :billustrations ;c28 cm. aIncludes bibliographic references. aHarry Potter (Fiction)vPsychological aspects. aFantasy literaturevPsychological aspects. aChildren’s literaturevPsychological aspects. aReading (Elementary)vPsychological aspects.